Vista normal
Vista MARC
- Vega Carpio, Félix Lope de,
Entrada Nombre Personal
Número de registros utilizados en: 5
001 - NUMERO DE CONTROL
- campo de control: 29483
003 - IDENTIFICADOR DE NUMERO DE CONTROL
- campo de control: UPN
005 - FECHA Y HORA DE LA ÜLTIMA TRANSACCIÓN
- campo de control: 20220513184428.0
008 - DATOS DE LONGITUD FIJA
- campo de control de longitud fija: 220513nn acannaabn n aaa d
035 ## - NUMERO DE CONTROL
- Número de control: UPN11000001589
040 ## - FUENTE DE CATALOGACIÓN
- Lenguaje de catalogación: SPA
- Agencia de transcripción: UPN
- Agencia original de catalogación: UPN
053 #4 - NÚMERO DE CLASIFICACIÓN LC
- Número de clasificación elemento-número único o número inicial de tramo: PQ6438
- Número de clasificación número de tramo final del elemento: PQ6492
100 1# - ENCABEZAMIENTO - NOMBRE PERSONAL
- Nombre personal: Vega Carpio, Félix Lope de,
- Fechas asociadas con el nombre: 1562-1635
400 0# - VEÁSE - NOMBRE DE PERSONA
- Personal name: Lope de Vega Carpio,
- Dates associated with a name: 1562-1635
400 1# - VEÁSE - NOMBRE DE PERSONA
- Personal name: Vega, Lope de,
- Dates associated with a name: 1562-1635
670 ## - FUENTE EN LA QUE SE LOCALIZARON DATOS
- Cita de la fuente: Salvat universal
902 ## - CATALOGADOR
- Catalogador: DAA/090608